DBD QUIZ - LICENCES - Statistiques

Statistiques générales
  • Ce quiz a été pris 3 fois
  • Le résultat moyen est 8 sur 12
Statistiques - réponses
Hint Réponse % Correct
2022 / Anime (Édition limitée) Attack On Titans
100%
2024 / Groupe de musique (Masques et T-Shirts) Iron Maiden
100%
2025 / Manga Junji Ito
100%
2023 / Skin de Piégeur Naughty Bear
100%
2024 / Groupe de musique (Skins Tueurs) Slipknot
100%
2022 / Dating Game Hooked On You
67%
2022 / Charme + Skin de Dwight (Édition Limitée) PUBG: Battlegrounds
67%
2025 / Skins provenant d'un jeu The Witcher
67%
2018 / Masque de Meg (gratuit) Deathgarden
33%
2025 / Skins provenant de Drag Queens Boulet Brothers
33%
2021 / Charme de Chevalier For Honor
33%
2023 / Skins provenant d'un jeu Rainbow Six
33%
Aucun quiz correspondant
Distribution des résultats
% des personnes avec chaque résultat
Percentile par nombre de réponses
Votre historique - résultats
Vous n’avez pas pris ce quiz